Coloquio latinoamericano de álgebra

Shranjeno v:
Bibliografske podrobnosti
Format: Knjiga
Jezik:španščina
Izdano: Buenos Aires CONICET 1982
Teme:
Oznake: Označite
Brez oznak, prvi označite!

MARC

LEADER 00000nam a2200000 a 4500
001 UCQ8850
003 CL-VaPUC
005 20230714082655.0
008 981217e19820000ag 1 spa d
082 0 4 |a 512  |b COL  |2 21 
245 1 0 |a Coloquio latinoamericano de álgebra 
260 |a Buenos Aires  |b CONICET  |c 1982 
300 |a 4 v 
583 |a last modification  |c 19981217 00:00:00  |k Rodrigo Vera 
650 0 0 |a Álgebra  |9 259567 
650 0 0 |a Álgebra abstracta   |9 260081 
650 0 0 |a Estructuras algebraicas  |9 422373 
650 0 0 |a Teoría de grupos   |9 270028 
650 0 0 |a Álgebra vectorial   |9 269971 
942 |c BK 
945 |a crobeson  |d 19981217 00:00:00 
546 |a En Español 
518 |p Coloqui Latinoamericano de Algebra, 2, Mendoza, 5 al 9 de julio de 1982 
999 |c 383302  |d 383300